| 000 | 00937nam a22002057a 4500 | ||
|---|---|---|---|
| 999 |
_c1404 _d1404 |
||
| 003 | AR-CdUCM | ||
| 008 | 190226b ||||| |||| 00| 0 spa d | ||
| 040 |
_aMUNICIPALIDAD PROVINCIAL DEL CUSCO _cBIBLIOTECA MUNICIPAL DEL CUSCO |
||
| 082 |
_a370.985 / _bM42 |
||
| 100 |
_aMendoza Rodríguez, Juan, Gral. de DIV. EP (r) _95340 |
||
| 245 | _aReacción Cívica por la Educación Nacional / | ||
| 260 |
_aLima : _bStudium, _c1987. |
||
| 300 |
_a216 páginas ; _bfotografías, ilustraciones, _c20 cm. _ecuadro estadístico, becas de perfeccionamiento para maestros en el extranjero. |
||
| 505 | _aContenido: Política educativa nacional -- Sistema Nacional de educación -- Gestión de terrenos para educación -- Programa de construcciones escolares -- dominios del esfuerzo educativo ... | ||
| 650 |
_aPlanificación educativa _95341 |
||
| 650 |
_aPerú _935 |
||
| 650 |
_aAspectos económicos _9261 |
||
| 942 |
_2ddc _cLIBROS |
||
| 945 | _aachl | ||